Holiday Quiz

Random Holiday or Halloween Quiz

Dogs in Strange Costumes Quiz Stats

 Plays Quiz Updated Oct 26, 2014

Challenge
Share
Tweet
Score 0/25 Timer 05:00
0 Plays Today
% Correct
Hot Dog
97.4%
Batman
96.8%
Elvis Presley
96.8%
Winnie the Pooh
95.5%
Superman
93.1%
Pope
92.5%
Robin Hood
92.5%
Elephant
92.4%
Buzz Lightyear
90.4%
Tin Man
90.4%
Harry Potter
89.9%
Darth Vader
89.8%
Waldo
89.1%
% Correct
iPhone
88.9%
Crab
88.8%
Chia Pet
87.8%
Yoda
87.8%
Gene Simmons
85.7%
Marilyn Monroe
81.3%
Jake & Elwood
79.3%
Rapunzel
79.2%
Charlie Brown
79%
Pocahontas
74.6%
Hannibal Lecter
73.5%
Katy Perry
71.4%

You're not logged in!

Compare scores with friends on all Sporcle quizzes.
Join for Free
OR
Log In

You Might Also Like...

Show Comments

Extras

Top Quizzes Today


Score Distribution

Your Account Isn't Verified!

In order to create a playlist on Sporcle, you need to verify the email address you used during registration. Go to your Sporcle Settings to finish the process.

Report this User

Report this user for behavior that violates our Community Guidelines.

Details: